Física universitaria con Física moderna.

Gespeichert in:
Bibliographische Detailangaben
1. Verfasser: Young, Hugh D
Weitere Verfasser: Freedman, Roger A, Sears, Francis Weston, Zemansky, Mark W, Ford, A., Lewis
Format: Buch
Sprache:Spanisch
Veröffentlicht: Cuernavaca, México Pearson Educación de México 2018
Ausgabe:Primera edición
Schlagworte:
Tags: Tag hinzufügen
Keine Tags, Fügen Sie den ersten Tag hinzu!

MARC

LEADER 00000cam a2200000 a 4500
001 UCC7244
003 CL-VaPUC
005 20241104162825.0
008 190315e20180000mx |||||||||||||||||spa|d
999 |c 373936  |d 373934 
020 |a 9786073244398 (v.1) 
020 |a 9786073244404 (v.2) 
040 |c Pontificia Universidad Católica de Valparaíso 
082 0 4 |a 530 YOU 2018  |2 21 
100 0 |a Young, Hugh D  |9 601792 
245 1 0 |a Física universitaria con Física moderna. 
250 |a Primera edición 
260 0 3 |a Cuernavaca, México  |b Pearson Educación de México  |c 2018 
300 |a 2 volúmenes 
583 |a last modification  |c 20190318 03:48:32  |k Rodrigo Vera 
650 0 |a Física   |x Mecánica  |9 227844 
650 0 |a Energía cinética  |9 265389 
650 0 |a Gravitación  |9 260123 
650 0 |a Sonido  |x Onda sonora  |x Onda mecánica  |x Onda periódica  |9 260096 
650 0 |a Termodinámica  |x Temperatura  |9 891837 
650 0 |a Electromagnetismo  |x Campo eléctrico  |9 892422 
650 0 |a Óptica   |x Óptica geométrica  |9 892423 
650 0 |a Mecánica cuántica  |x Física nuclear   |9 892424 
700 0 |a Freedman, Roger A  |9 601793 
700 0 |a Sears, Francis Weston  |9 601794 
700 0 |a Zemansky, Mark W  |9 601795 
700 0 |a Ford, A., Lewis  |9 601796 
942 |c BK  |2 ddc 
945 |d 20190315 15:58:00  |a dcastane 
952 |0 0  |1 0  |2 ddc  |3 erb  |4 0  |6 530_000000000000000_YOU_2018  |7 0  |8 A  |9 492249  |a BIBCUR  |b BIBCUR  |h v.1  |i 5536367  |l 21  |m 14  |o 530 YOU 2018  |p 5536367  |q 2025-05-05  |r 2025-04-22  |s 2025-04-14  |t 1  |w 2019-11-24  |y BK  |z Catalogado en:20190315  |k FIS 
952 |0 0  |1 0  |2 ddc  |3 erb  |4 0  |6 530_000000000000000_YOU_2018  |7 0  |8 A  |9 492250  |a BIBCUR  |b BIBCUR  |h v.1  |i 5536375  |l 24  |m 13  |o 530 YOU 2018  |p 5536375  |r 2025-05-09  |s 2025-05-09  |t 2  |w 2019-11-24  |y BK  |z Catalogado en:20190315  |k FIS 
952 |0 0  |1 0  |2 ddc  |3 erb  |4 0  |6 530_000000000000000_YOU_2018  |7 0  |8 A  |9 492251  |a BIBCUR  |b BIBCUR  |h v.1  |i 5536383  |l 28  |m 5  |o 530 YOU 2018  |p 5536383  |r 2025-04-22  |s 2024-10-16  |t 3  |w 2019-11-24  |y BK  |z Catalogado en:20190315  |k FIS 
952 |0 0  |1 0  |2 ddc  |3 erb  |4 0  |6 530_000000000000000_YOU_2018  |7 0  |8 A  |9 492252  |a BIBCUR  |b BIBCUR  |h v.1  |i 5536391  |l 27  |m 21  |o 530 YOU 2018  |p 5536391  |r 2025-04-22  |s 2024-11-11  |t 4  |w 2019-11-24  |y BK  |z Catalogado en:20190315  |k FIS 
952 |0 0  |1 0  |2 ddc  |3 erb  |4 0  |6 530_000000000000000_YOU_2018  |7 0  |8 A  |9 492253  |a BIBCUR  |b BIBCUR  |h v.1  |i 5536405  |l 18  |m 12  |o 530 YOU 2018  |p 5536405  |r 2025-04-22  |s 2025-03-18  |t 5  |w 2019-11-24  |y BK  |z Catalogado en:20190315  |k FIS 
952 |0 0  |1 0  |2 ddc  |3 erb  |4 0  |6 530_000000000000000_YOU_2018  |7 0  |8 A  |9 492254  |a BIBCUR  |b BIBCUR  |h v.1  |i 5536413  |l 21  |m 7  |o 530 YOU 2018  |p 5536413  |r 2025-04-25  |s 2025-04-25  |t 6  |w 2019-11-24  |y BK  |z Catalogado en:20190315  |k FIS 
952 |0 0  |1 0  |2 ddc  |3 erb  |4 0  |6 530_000000000000000_YOU_2018  |7 0  |8 A  |9 492255  |a BIBCUR  |b BIBCUR  |h v.1  |i 5536421  |l 23  |m 10  |o 530 YOU 2018  |p 5536421  |r 2025-04-22  |s 2025-03-14  |t 7  |w 2019-11-24  |y BK  |z Catalogado en:20190315  |k FIS 
952 |0 0  |1 0  |2 ddc  |3 erb  |4 0  |6 530_000000000000000_YOU_2018  |7 0  |8 A  |9 492256  |a BIBCUR  |b BIBCUR  |h v.1  |i 553643K  |l 20  |m 7  |o 530 YOU 2018  |p 553643K  |r 2025-04-22  |s 2025-03-19  |t 8  |w 2019-11-24  |y BK  |z Catalogado en:20190315  |k FIS 
952 |0 0  |1 0  |2 ddc  |3 erb  |4 0  |6 530_000000000000000_YOU_2018  |7 0  |8 A  |9 492257  |a BIBCUR  |b BIBCUR  |h v.1  |i 5536448  |l 26  |m 14  |o 530 YOU 2018  |p 5536448  |r 2025-04-28  |s 2025-04-08  |t 9  |w 2019-11-24  |y BK  |z Catalogado en:20190315  |k FIS 
952 |0 0  |1 0  |2 ddc  |3 erb  |4 0  |6 530_000000000000000_YOU_2018  |7 0  |8 A  |9 492258  |a BIBCUR  |b BIBCUR  |h v.1  |i 5536456  |l 18  |m 3  |o 530 YOU 2018  |p 5536456  |r 2025-04-22  |s 2025-04-09  |t 10  |w 2019-11-24  |y BK  |z Catalogado en:20190315  |k FIS 
952 |0 0  |1 0  |2 ddc  |3 erb  |4 0  |6 530_000000000000000_YOU_2018  |7 0  |8 A  |9 492259  |a BIBCUR  |b BIBCUR  |h v.2  |i 5536464  |l 19  |o 530 YOU 2018  |p 5536464  |r 2025-04-22  |s 2024-11-19  |t 1  |w 2019-11-24  |y BK  |z Catalogado en:20190315  |k FIS 
952 |0 0  |1 0  |2 ddc  |3 erb  |4 0  |6 530_000000000000000_YOU_2018  |7 0  |8 A  |9 492260  |a BIBCUR  |b BIBCUR  |h v.2  |i 5536472  |l 14  |m 5  |o 530 YOU 2018  |p 5536472  |r 2025-04-22  |s 2024-10-18  |t 2  |w 2019-11-24  |y BK  |z Catalogado en:20190315  |k FIS 
952 |0 0  |1 0  |2 ddc  |3 erb  |4 0  |6 530_000000000000000_YOU_2018  |7 0  |8 A  |9 492261  |a BIBCUR  |b BIBCUR  |h v.2  |i 5536480  |l 18  |m 5  |o 530 YOU 2018  |p 5536480  |r 2025-04-22  |s 2024-10-28  |t 3  |w 2019-11-24  |y BK  |z Catalogado en:20190315  |k FIS 
952 |0 0  |1 0  |2 ddc  |3 erb  |4 0  |6 530_000000000000000_YOU_2018  |7 0  |8 A  |9 492262  |a BIBCUR  |b BIBCUR  |h v.2  |i 5536499  |l 17  |m 6  |o 530 YOU 2018  |p 5536499  |r 2025-04-22  |s 2025-04-01  |t 4  |w 2019-11-24  |y BK  |z Catalogado en:20190315  |k FIS 
952 |0 0  |1 0  |2 ddc  |3 erb  |4 0  |6 530_000000000000000_YOU_2018  |7 0  |8 A  |9 492263  |a BIBCUR  |b BIBCUR  |h v.2  |i 5536502  |l 23  |m 8  |o 530 YOU 2018  |p 5536502  |r 2025-04-22  |s 2025-03-19  |t 5  |w 2019-11-24  |y BK  |z Catalogado en:20190315  |k FIS 
952 |0 0  |1 0  |2 ddc  |3 erb  |4 0  |6 530_000000000000000_YOU_2018  |7 0  |8 A  |9 492264  |a BIBCUR  |b BIBCUR  |h v.2  |i 5536510  |l 15  |m 1  |o 530 YOU 2018  |p 5536510  |r 2025-04-22  |s 2025-03-10  |t 6  |w 2019-11-24  |y BK  |z Catalogado en:20190315  |k FIS 
952 |0 0  |1 0  |2 ddc  |3 erb  |4 0  |6 530_000000000000000_YOU_2018  |7 0  |8 A  |9 492265  |a BIBCUR  |b BIBCUR  |h v.2  |i 5536529  |l 11  |m 1  |o 530 YOU 2018  |p 5536529  |r 2025-04-22  |s 2025-04-01  |t 7  |w 2019-11-24  |y BK  |z Catalogado en:20190315  |k FIS 
952 |0 0  |1 0  |2 ddc  |3 erb  |4 0  |6 530_000000000000000_YOU_2018  |7 0  |8 A  |9 492266  |a BIBCUR  |b BIBCUR  |h v.2  |i 5536537  |l 16  |m 10  |o 530 YOU 2018  |p 5536537  |r 2025-04-22  |s 2024-10-23  |t 8  |w 2019-11-24  |y BK  |z Catalogado en:20190315  |k FIS 
952 |0 0  |1 0  |2 ddc  |3 erb  |4 0  |6 530_000000000000000_YOU_2018  |7 0  |8 A  |9 492267  |a BIBCUR  |b BIBCUR  |h v.2  |i 5536545  |l 18  |o 530 YOU 2018  |p 5536545  |r 2025-04-22  |s 2025-03-11  |t 9  |w 2019-11-24  |y BK  |z Catalogado en:20190315  |k FIS 
952 |0 0  |1 0  |2 ddc  |3 erb  |4 0  |6 530_000000000000000_YOU_2018  |7 0  |8 A  |9 492268  |a BIBCUR  |b BIBCUR  |h v.2  |i 5536553  |l 10  |m 6  |o 530 YOU 2018  |p 5536553  |r 2025-04-22  |s 2024-06-19  |t 10  |w 2019-11-24  |y BK  |z Catalogado en:20190315  |k FIS